| 000 | 01074nam a2200301 i 4500 | ||
|---|---|---|---|
| 001 | 000045596 | ||
| 003 | DO-SdBNP | ||
| 005 | 20241009140921.0 | ||
| 007 | ta | ||
| 008 | 150416s2006 dr 000 p spa d | ||
| 020 | _a9993462292 | ||
| 040 |
_aDO-SdBNP _bspa _cBNPHU _erda |
||
| 100 | 1 |
_aJavier, Adrián _925420 _eautor |
|
| 245 | 1 | 0 |
_aDel verso a la fragua ; _bMateo Morisson en persona y obra / _cAdrián Javier, Mateo Morrison. |
| 264 |
_aSanto Domingo : _bUniversitaria, UASD, _c2006. |
||
| 300 |
_a60, 40 páginas ; _c21 cm. |
||
| 336 |
_2rdacontent _atexto _btxt |
||
| 337 |
_2rdamedia _asin mediación _bn |
||
| 338 |
_2rdacarrier a _avolumen _bnc |
||
| 490 | 0 | _aEspacios culturales | |
| 500 | _aDos obras encuadernadas juntas con paginación invertida. | ||
| 500 | _aIncluye datos biográficos de los autores en las solapas | ||
| 590 | _aPerteneció a la biblioteca personal de Erick Landestoy. | ||
| 700 | 1 | 2 |
_aMorrison, Mateo, _d1947- _91469 |
| 710 | 2 |
_aUniversidad Autónoma de Santo Domingo _972951 |
|
| 740 | 3 | 2 | _aDorothy Dandridge |
| 942 |
_2ddc _cLBS1 |
||
| 999 |
_c45085 _d45085 |
||